| 000 | 01184nam a22003137a 4500 | ||
|---|---|---|---|
| 999 |
_c955 _d955 |
||
| 001 | 000288 | ||
| 003 | CoMeUDC000288 | ||
| 005 | 20190122175933.0 | ||
| 008 | 120213s2002 ck gr 000 0 spa d | ||
| 015 | _ack-2002-xxxx | ||
| 020 | _a9588198054 | ||
| 040 |
_aCO-BoBLA _bspa _cCoMeUDC |
||
| 041 | 0 | _aspa | |
| 043 | _as-ck--- | ||
| 082 | 0 | 4 |
_a378.107 _bI59 _219 |
| 100 |
_aGonzález Ávarez, Luis José. _91285 |
||
| 245 | 1 | 0 |
_aReflexiones sobre el bienestar universitario : _buna mirada desde la educación a distancia y la jornada nocturna / _cLuis Josá González Álvarez, Elvira Rosa Aguilar Bustamante, Gina Pezzano de Vengoechea. |
| 260 |
_aBogotá : _bICFES. Instituto Colombiano para el Fomento de la Educación Superior, _c2002. |
||
| 300 |
_a198 p. ; _c24 cm. |
||
| 504 | _aIncluye bibliografía. | ||
| 650 | 0 |
_aEducación superior _z Colombia. _91286 |
|
| 650 | 4 |
_aUniversidades _x Bienestar universitario _z Colombia. |
|
| 650 | 0 |
_aEducación a distancia _z Colombia. _91287 |
|
| 650 | 0 |
_aEducación nocturna _z Colombia. _91288 |
|
| 700 | 1 | _aAguilar Bustamante, Elvira Rosa. | |
| 700 | 1 | _aPezzano de Vengoechea, Gina. | |
| 942 |
_2ddc _cBK |
||
| 949 |
_an _bn |
||